[Event "Open Praha 2016 - B"]
[Site "Praha CZE"]
[Date "2016.01.10"]
[Round "4.2"]
[White "Soural, Karel"]
[Black "Jaeger, Andre"]
[Result "1-0"]
[WhiteElo "2037"]
[BlackElo "1962"]
[PlyCount "65"]
[EventDate "2016.01.08"]
[EventType "swiss"]
[EventRounds "9"]
[EventCountry "CZE"]
[Source "lmi"]
[SourceDate "2016.01.08"]

1. e4 c5 2. Nf3 Nc6 3. d4 cxd4 4. Nxd4 Nf6 5. Nc3 e5 6. Ndb5 d6 7. Bg5 a6 8.
Na3 Be6 9. Nc4 Rc8 10. Nd5 Bxd5 11. exd5 Ne7 12. Ne3 Qa5+ 13. c3 Nexd5 14. Nf5
Qb6 15. Qc2 h6 16. Bc1 g6 17. Ng3 Bg7 18. Bd3 O-O 19. a3 Ne7 20. Be3 Qc6 21. f3
d5 22. Qd2 Kh7 23. Rd1 Rcd8 24. h4 e4 25. Bb1 Nf5 26. Nxf5 gxf5 27. Bd4 Nh5 28.
g4 Bxd4 29. Qxd4 Ng3 30. Rg1 Qc7 31. gxf5 Nxf5 32. Qf6 Qf4 33. Rg7+ 1-0

[Event "Open Praha 2016 - B"]
[Site "Praha CZE"]
[Date "2016.01.10"]
[Round "4.6"]
[White "Van Den Hoff, Damien"]
[Black "Vorisek, Jakub"]
[Result "0-1"]
[WhiteElo "1856"]
[BlackElo "1854"]
[PlyCount "104"]
[EventDate "2016.01.08"]
[EventType "swiss"]
[EventRounds "9"]
[EventCountry "CZE"]
[Source "lmi"]
[SourceDate "2016.01.08"]

1. e4 c5 2. Nf3 Nc6 3. c3 d5 4. exd5 Qxd5 5. d4 e6 6. Be2 Nf6 7. O-O Be7 8. Na3
cxd4 9. Nxd4 Nxd4 10. cxd4 Bxa3 11. Qa4+ Bd7 12. Qxa3 Bc6 13. Bf3 Qd7 14. Bxc6
Qxc6 15. Bd2 Nd5 16. Rac1 Qd7 17. Rfe1 Qe7 18. Qf3 Qd7 19. Qa3 Qe7 20. Qb3 Qd7
21. Bb4 Qb5 22. Ba3 Qxb3 23. axb3 Kd7 24. Rc5 Rac8 25. h3 Rxc5 26. dxc5 Kc6 27.
Re4 Rd8 28. Ra4 a6 29. Rh4 h6 30. Bb4 Nxb4 31. Rxb4 Rd2 32. Rf4 f5 33. Rb4 Rxb2
34. Rb6+ Kxc5 35. Rxb7 a5 36. Rb8 e5 37. Rc8+ Kb4 38. Rb8+ Kc3 39. Rb5 Ra2 40.
Rxe5 Kxb3 41. Rxf5 a4 42. Rb5+ Ka3 43. Rb7 Rb2 44. Rxg7 Rb6 45. Re7 Ka2 46. Kh2
Rc6 47. Re2+ Kb3 48. Re3+ Rc3 49. Re6 h5 50. Re5 h4 51. Re4 a3 52. Rxh4 a2 0-1

[Event "Open Praha 2016 - B"]
[Site "Praha CZE"]
[Date "2016.01.10"]
[Round "4.31"]
[White "Frajt, Tomas"]
[Black "Mar, Tomas"]
[Result "0-1"]
[WhiteElo "1557"]
[BlackElo "1692"]
[PlyCount "54"]
[EventDate "2016.01.08"]
[EventType "swiss"]
[EventRounds "9"]
[EventCountry "CZE"]
[Source "lmi"]
[SourceDate "2016.01.08"]

1. e4 c5 2. Nf3 e6 3. Be2 Nc6 4. O-O Qc7 5. Re1 Nf6 6. Nc3 Be7 7. d4 cxd4 8.
Nxd4 Nxd4 9. Qxd4 Bc5 10. Qc4 Ng4 11. g3 Bxf2+ 12. Kf1 Qxc4 13. Bxc4 Bxe1 14.
Kxe1 a6 15. Be2 Nxh2 16. Kf2 h5 17. Kg2 Ng4 18. Bf4 b5 19. b4 Bb7 20. Bd6 Rc8
21. Nxb5 axb5 22. Bxb5 Bxe4+ 23. Kf1 Rxc2 24. Be2 h4 25. Bxg4 hxg3 26. Bc5 Rh1+
27. Bg1 g2+ 0-1

[Event "Open Praha 2016 - B"]
[Site "Praha CZE"]
[Date "2016.01.10"]
[Round "4.35"]
[White "Stankova, Zuzana"]
[Black "Lhotska, Anna"]
[Result "1-0"]
[WhiteElo "1658"]
[BlackElo "1425"]
[PlyCount "49"]
[EventDate "2016.01.08"]
[EventType "swiss"]
[EventRounds "9"]
[EventCountry "CZE"]
[Source "lmi"]
[SourceDate "2016.01.08"]

1. e4 c5 2. d4 cxd4 3. c3 dxc3 4. Nxc3 Nc6 5. Bc4 d6 6. Nf3 a6 7. Be3 Nf6 8. h3
e6 9. O-O Be7 10. Qe2 O-O 11. Rfd1 Bd7 12. Bb3 Qa5 13. Rac1 Rac8 14. Bd2 Qh5
15. Bf4 e5 16. Be3 Qg6 17. Kf1 Be6 18. Bxe6 fxe6 19. Qc2 b5 20. Qb3 Qf7 21. Ng5
Qg6 22. Nxe6 Na5 23. Nxf8+ Kxf8 24. Qe6 Rd8 25. Bb6 1-0

[Event "Open Praha 2016 - B"]
[Site "Praha CZE"]
[Date "2016.01.11"]
[Round "5.4"]
[White "Gunyecz, Zoltan"]
[Black "Schneider, Alexander"]
[Result "1-0"]
[WhiteElo "1883"]
[BlackElo "2099"]
[PlyCount "65"]
[EventDate "2016.01.08"]
[EventType "swiss"]
[EventRounds "9"]
[EventCountry "CZE"]
[Source "lmi"]
[SourceDate "2016.01.08"]

1. d4 Nf6 2. c4 g6 3. Nc3 Bg7 4. e4 d6 5. Be2 O-O 6. Nf3 Nbd7 7. O-O c5 8. d5
Ng4 9. h3 Nge5 10. Nxe5 Nxe5 11. f4 Nd7 12. Qc2 Kh8 13. Bd2 a6 14. a4 Qe8 15.
Bd3 f6 16. Kh2 Rf7 17. Ne2 Rb8 18. Ng1 Qd8 19. Nf3 Nb6 20. Bc3 Nd7 21. g3 Qe8
22. Kg2 Kg8 23. h4 Qd8 24. Kh1 Rf8 25. e5 fxe5 26. fxe5 e6 27. Rae1 exd5 28.
exd6 Qb6 29. cxd5 Qxd6 30. h5 gxh5 31. Ne5 Qxd5+ 32. Be4 Qe6 33. Bxh7+ 1-0

[Event "Open Praha 2016 - B"]
[Site "Praha CZE"]
[Date "2016.01.11"]
[Round "5.6"]
[White "Ziabari, Morteza"]
[Black "Pozsonyi, Istvan"]
[Result "0-1"]
[WhiteElo "1862"]
[BlackElo "2014"]
[PlyCount "80"]
[EventDate "2016.01.08"]
[EventType "swiss"]
[EventRounds "9"]
[EventCountry "CZE"]
[Source "lmi"]
[SourceDate "2016.01.08"]

1. e4 g6 2. d4 Bg7 3. f4 d6 4. Nf3 a6 5. Bd3 Nd7 6. O-O b5 7. a4 b4 8. a5 Bb7
9. c3 c5 10. Qb3 Rb8 11. Ng5 Nh6 12. Bc4 O-O 13. Qd1 cxd4 14. cxd4 d5 15. exd5
Nf6 16. b3 Nxd5 17. Qd3 Nf5 18. Bb2 Nde3 19. Rf2 Nxc4 20. bxc4 Bxd4 21. Bxd4
Qxd4 22. Qxd4 Nxd4 23. Nd2 Rfc8 24. Rb1 h6 25. Nh3 Bc6 26. Nb3 Nxb3 27. Rxb3
Ba4 28. Rbb2 Rxc4 29. Rfe2 e6 30. g3 b3 31. Kf2 Rb5 32. Ng1 Rxa5 33. Nf3 Rd5
34. Ne1 a5 35. Ke3 Rc3+ 36. Kf2 Bb5 37. Re3 Rxe3 38. Kxe3 a4 39. Nf3 Rd3+ 40.
Ke4 a3 0-1

[Event "Open Praha 2016 - B"]
[Site "Praha CZE"]
[Date "2016.01.11"]
[Round "5.7"]
[White "Wallace, Mitchel"]
[Black "Drozdov, Vladimir"]
[Result "0-1"]
[WhiteElo "1777"]
[BlackElo "2010"]
[PlyCount "74"]
[EventDate "2016.01.08"]
[EventType "swiss"]
[EventRounds "9"]
[EventCountry "CZE"]
[Source "lmi"]
[SourceDate "2016.01.08"]

1. e4 d5 2. Nc3 d4 3. Nce2 e5 4. Nf3 Nc6 5. Ng3 Nf6 6. Bc4 Bc5 7. O-O O-O 8. d3
Re8 9. Nh4 Be6 10. Bxe6 Rxe6 11. Nhf5 Ne7 12. Nxe7+ Bxe7 13. f4 Bd6 14. f5 Re8
15. Nh5 Be7 16. Nxf6+ Bxf6 17. Qg4 Kf8 18. Qh5 h6 19. Rf3 Qd6 20. g4 Rad8 21.
h4 Ke7 22. g5 hxg5 23. hxg5 Rh8 24. Qg4 Kd7 25. Rh3 Qc5 26. Rxh8 Rxh8 27. gxf6
Qxc2 28. Bf4 exf4 29. Qxf4 gxf6 30. Qg3 Rh5 31. Qf3 Qh2+ 32. Kf1 Rg5 33. Qf2
Qh1+ 34. Ke2 Qxa1 35. Qxd4+ Ke8 36. Qxf6 Rg2+ 37. Kf3 Qxb2 0-1

[Event "Open Praha 2016 - B"]
[Site "Praha CZE"]
[Date "2016.01.11"]
[Round "5.13"]
[White "Slabicki, Andrzej"]
[Black "Istel, Oldrich"]
[Result "1/2-1/2"]
[WhiteElo "2005"]
[BlackElo "1681"]
[PlyCount "106"]
[EventDate "2016.01.08"]
[EventType "swiss"]
[EventRounds "9"]
[EventCountry "CZE"]
[Source "lmi"]
[SourceDate "2016.01.08"]

1. Nf3 d5 2. d4 Nf6 3. c4 Bf5 4. Nc3 e6 5. Bg5 Be7 6. Qb3 dxc4 7. Qxb7 Nbd7 8.
Bxf6 Bxf6 9. e4 Bg4 10. e5 Be7 11. Bxc4 Rb8 12. Qe4 Bf5 13. Qe2 c6 14. O-O O-O
15. Rac1 Nb6 16. Bb3 Nd5 17. Nxd5 cxd5 18. Qa6 Qd7 19. Ba4 Qb7 20. Qxb7 Rxb7
21. b3 Bd3 22. Rfd1 Be2 23. Re1 Bxf3 24. gxf3 Bd8 25. Rc6 Rb4 26. Rd1 Bb6 27.
f4 Rxd4 28. Rxd4 Bxd4 29. Kg2 h6 30. Bb5 g6 31. h4 Kg7 32. a4 Rb8 33. b4 Bb6
34. Bd3 Bd8 35. b5 Bxh4 36. Rc7 Ra8 37. Rd7 Bd8 38. Kf3 Bb6 39. Bf1 Rc8 40. a5
Rc7 41. Rxc7 Bxc7 42. a6 Bb6 43. Bd3 h5 44. Kg3 Kh6 45. Bc2 Kg7 46. Bd3 h4+ 47.
Kxh4 Bxf2+ 48. Kg4 f6 49. exf6+ Kxf6 50. Bc2 Bb6 51. Bd3 e5 52. fxe5+ Kxe5 53.
Bxg6 Kd4 1/2-1/2

[Event "Open Praha 2016 - B"]
[Site "Praha CZE"]
[Date "2016.01.11"]
[Round "5.22"]
[White "Biza, Miroslav"]
[Black "Schoeppe, Christian"]
[Result "0-1"]
[WhiteElo "1737"]
[BlackElo "1599"]
[PlyCount "92"]
[EventDate "2016.01.08"]
[EventType "swiss"]
[EventRounds "9"]
[EventCountry "CZE"]
[Source "lmi"]
[SourceDate "2016.01.08"]

1. d4 Nf6 2. Bf4 c6 3. e3 d6 4. Bd3 g6 5. Qd2 d5 6. Nc3 Nh5 7. Nge2 Nxf4 8.
Nxf4 Bg7 9. h4 e5 10. dxe5 Bxe5 11. e4 Qf6 12. Nfe2 d4 13. Nd1 Nd7 14. f4 Bc7
15. e5 Qg7 16. Nxd4 Nc5 17. Be2 Bd7 18. Nc3 O-O-O 19. O-O-O f5 20. Qe3 Bb6 21.
Qf3 Kb8 22. Bc4 Rhe8 23. b4 Ne6 24. Nxe6 Bxe6 25. Rxd8+ Bxd8 26. Bxe6 Rxe6 27.
Rd1 Bxh4 28. g3 Be7 29. Qd3 Qf8 30. Qd7 Qc8 31. b5 Bb4 32. Ne2 Ba3+ 33. Kb1
cxb5 34. Qxc8+ Kxc8 35. Nd4 Rb6 36. e6 Bc5 37. Re1 Kd8 38. Nf3 Ke7 39. Rh1 h5
40. Ng5 Rd6 41. Rh2 a5 42. g4 Bg1 43. Rg2 Rd1+ 44. Kb2 hxg4 45. c3 Be3 46. Kc2
Rc1+ 0-1

[Event "Open Praha 2016 - B"]
[Site "Praha CZE"]
[Date "2016.01.12"]
[Round "6.1"]
[White "Soural, Karel"]
[Black "Pozsonyi, Istvan"]
[Result "0-1"]
[WhiteElo "2037"]
[BlackElo "2014"]
[PlyCount "46"]
[EventDate "2016.01.08"]
[EventType "swiss"]
[EventRounds "9"]
[EventCountry "CZE"]
[Source "lmi"]
[SourceDate "2016.01.08"]

1. e4 g6 2. d4 Bg7 3. Nc3 d6 4. Be3 a6 5. Qd2 b5 6. a3 Nd7 7. Bf4 Bb7 8. Nf3
Rc8 9. Be2 c5 10. O-O b4 11. Na4 Bxe4 12. Bxa6 Rb8 13. axb4 cxb4 14. Bc4 h6 15.
b3 Ngf6 16. h3 O-O 17. Bd3 e6 18. Nh2 Bxd3 19. Qxd3 Nd5 20. Bd2 Qf6 21. Nf3 Nf4
22. Bxf4 Qxf4 23. Ne5 Nxe5 0-1

[Event "Open Praha 2016 - B"]
[Site "Praha CZE"]
[Date "2016.01.12"]
[Round "6.3"]
[White "Drozdov, Vladimir"]
[Black "Gunyecz, Zoltan"]
[Result "1-0"]
[WhiteElo "2010"]
[BlackElo "1883"]
[PlyCount "49"]
[EventDate "2016.01.08"]
[EventType "swiss"]
[EventRounds "9"]
[EventCountry "CZE"]
[Source "lmi"]
[SourceDate "2016.01.08"]

1. e4 c6 2. d4 d5 3. Nc3 dxe4 4. Nxe4 Bf5 5. Ng3 Bg6 6. h4 h6 7. Nf3 Nd7 8. h5
Bh7 9. Bd3 Bxd3 10. Qxd3 Ngf6 11. Bf4 e6 12. O-O-O Qa5 13. Kb1 Be7 14. Rhe1 Rd8
15. Qe2 O-O 16. c4 Rfe8 17. Qc2 b5 18. Ne5 Qa6 19. Nxf7 Kxf7 20. Qg6+ Kf8 21.
Rxe6 Kg8 22. Bxh6 Bf8 23. Bxg7 Bxg7 24. h6 Nh5 25. Nxh5 1-0

[Event "Open Praha 2016 - B"]
[Site "Praha CZE"]
[Date "2016.01.12"]
[Round "6.4"]
[White "Poborsky, Josef"]
[Black "Bartos, Miroslav"]
[Result "0-1"]
[WhiteElo "1964"]
[BlackElo "1740"]
[PlyCount "58"]
[EventDate "2016.01.08"]
[EventType "swiss"]
[EventRounds "9"]
[EventCountry "CZE"]
[Source "lmi"]
[SourceDate "2016.01.08"]

1. e4 g6 2. d4 Bg7 3. Nc3 d6 4. Nf3 Nd7 5. Bd2 a6 6. Be2 b5 7. a3 Bb7 8. O-O c5
9. d5 Ngf6 10. Bd3 c4 11. Be2 Nc5 12. Be3 Ncxe4 13. Bd4 Nxc3 14. Bxc3 O-O 15.
Bxf6 Bxf6 16. c3 Qb6 17. Qd2 Rac8 18. Ng5 Bg7 19. Nh3 e6 20. dxe6 fxe6 21. Bg4
Rce8 22. Qe2 e5 23. Ng5 d5 24. Nf3 d4 25. Nd2 e4 26. cxd4 Bxd4 27. Nb1 Rxf2 28.
Rxf2 Rf8 29. Bf3 exf3 0-1

[Event "Open Praha 2016 - B"]
[Site "Praha CZE"]
[Date "2016.01.12"]
[Round "6.16"]
[White "Schoeppe, Christian"]
[Black "Wallace, Mitchel"]
[Result "0-1"]
[WhiteElo "1599"]
[BlackElo "1777"]
[PlyCount "80"]
[EventDate "2016.01.08"]
[EventType "swiss"]
[EventRounds "9"]
[EventCountry "CZE"]
[Source "lmi"]
[SourceDate "2016.01.08"]

1. Nf3 c6 2. g3 d5 3. c3 Nf6 4. d3 Nbd7 5. Bg2 e5 6. O-O Be7 7. a4 a5 8. Na3
O-O 9. Nc2 Rb8 10. b4 e4 11. Nfd4 Ne5 12. Bb2 Bg4 13. f3 exd3 14. exd3 Bd7 15.
Kh1 c5 16. bxc5 Bxc5 17. Nb5 Bf5 18. Ne1 Qd7 19. d4 Nc4 20. Bc1 Be7 21. Nd3 Ne8
22. Re1 Bxd3 23. Qxd3 Nc7 24. Nxc7 Qxc7 25. Ra2 Bd6 26. Rae2 b5 27. axb5 Rxb5
28. f4 f5 29. Re8 Qf7 30. Rxf8+ Kxf8 31. h3 a4 32. Qc2 a3 33. Qa4 Ra5 34. Qc6
g6 35. Qc8+ Kg7 36. Re6 a2 37. Bb2 Nxb2 38. Rxd6 a1=Q+ 39. Kh2 Qa4 40. h4 Nc4
0-1

[Event "Open Praha 2016 - B"]
[Site "Praha CZE"]
[Date "2016.01.13"]
[Round "7.1"]
[White "Pozsonyi, Istvan"]
[Black "Svetly, Jiri"]
[Result "1-0"]
[WhiteElo "2014"]
[BlackElo "1962"]
[PlyCount "139"]
[EventDate "2016.01.08"]
[EventType "swiss"]
[EventRounds "9"]
[EventCountry "CZE"]
[Source "lmi"]
[SourceDate "2016.01.08"]

1. e4 d6 2. d4 Nf6 3. Nc3 g6 4. Nf3 Bg7 5. Be3 O-O 6. Qd2 c6 7. Bd3 e5 8. a4
Qc7 9. h3 Nbd7 10. O-O b6 11. Rfd1 Bb7 12. Bf1 Rad8 13. dxe5 Nxe5 14. Nd4 d5
15. f4 Nc4 16. Bxc4 dxc4 17. e5 Nd5 18. Nxd5 Rxd5 19. Qe2 Rfd8 20. Kf2 a6 21.
Nf3 c5 22. Rd2 Rxd2 23. Nxd2 Qc6 24. Qf3 Qxf3+ 25. Nxf3 Be4 26. Nd2 Bd5 27. g3
f6 28. exf6 Bxf6 29. c3 Kf7 30. a5 Rb8 31. Ra2 Bd4 32. Nf3 Bxe3+ 33. Kxe3 b5
34. Ra1 b4 35. Rd1 Rd8 36. Ne5+ Ke7 37. g4 Rd6 38. h4 Ke6 39. Nf3 h6 40. g5
hxg5 41. Nxg5+ Kf5 42. Ne4 Rd8 43. Nxc5 Re8+ 44. Kf2 Bg8 45. cxb4 Kxf4 46. Rd4+
Kf5 47. Nxa6 Ke5 48. Rd2 Rf8+ 49. Ke2 c3 50. Nc5 Bc4+ 51. Nd3+ Ke4 52. bxc3 Rf3
53. Kd1 Bxd3 54. Rh2 Rf1+ 55. Kd2 Ra1 56. Rh3 Ra2+ 57. Kd1 Bc4 58. Rg3 Kf5 59.
Rg5+ Kf6 60. Rc5 Bb3+ 61. Ke1 Rh2 62. b5 Ke7 63. b6 Rh1+ 64. Kf2 Be6 65. a6 Kd6
66. b7 Rh2+ 67. Kg1 Rb2 68. Rc8 Rb1+ 69. Kf2 Rb2+ 70. Ke3 1-0

[Event "Open Praha 2016 - B"]
[Site "Praha CZE"]
[Date "2016.01.13"]
[Round "7.2"]
[White "Bartos, Miroslav"]
[Black "Drozdov, Vladimir"]
[Result "0-1"]
[WhiteElo "1740"]
[BlackElo "2010"]
[PlyCount "50"]
[EventDate "2016.01.08"]
[EventType "swiss"]
[EventRounds "9"]
[EventCountry "CZE"]
[Source "lmi"]
[SourceDate "2016.01.08"]

1. c4 Nf6 2. g3 e6 3. Bg2 d5 4. cxd5 exd5 5. Nf3 Be7 6. O-O c6 7. d3 O-O 8.
Nbd2 Nbd7 9. Rb1 Re8 10. b4 Bd6 11. e3 Qe7 12. Qb3 Nf8 13. Nd4 Ng6 14. a4 Bd7
15. b5 c5 16. Nc2 Rad8 17. e4 c4 18. dxc4 dxe4 19. Re1 Bc5 20. Ba3 Bxa3 21.
Qxa3 Qxa3 22. Nxa3 Bf5 23. Rb2 Ne5 24. Nxe4 Bxe4 25. Rxe4 Rd1+ 0-1

[Event "Open Praha 2016 - B"]
[Site "Praha CZE"]
[Date "2016.01.13"]
[Round "7.3"]
[White "Jaeger, Andre"]
[Black "Palka, Miroslav"]
[Result "1-0"]
[WhiteElo "1962"]
[BlackElo "1899"]
[PlyCount "47"]
[EventDate "2016.01.08"]
[EventType "swiss"]
[EventRounds "9"]
[EventCountry "CZE"]
[Source "lmi"]
[SourceDate "2016.01.08"]

1. d4 d5 2. c4 e6 3. Nc3 Nf6 4. cxd5 exd5 5. Bg5 Be7 6. e3 O-O 7. Bd3 h6 8. Bh4
Nbd7 9. Nge2 Re8 10. Qc2 Nf8 11. O-O c6 12. f3 Nh5 13. Bxe7 Qxe7 14. e4 dxe4
15. fxe4 Bg4 16. Rf2 Qg5 17. Raf1 Re7 18. e5 Rd8 19. Ne4 Qe3 20. Kh1 Ne6 21.
Nd6 Nxd4 22. Bh7+ Kh8 23. Nxd4 Qxd4 24. Rxf7 1-0

[Event "Open Praha 2016 - B"]
[Site "Praha CZE"]
[Date "2016.01.13"]
[Round "7.10"]
[White "Gunyecz, Zoltan"]
[Black "Wesener, Lorenz"]
[Result "1-0"]
[WhiteElo "1883"]
[BlackElo "1782"]
[PlyCount "59"]
[EventDate "2016.01.08"]
[EventType "swiss"]
[EventRounds "9"]
[EventCountry "CZE"]
[Source "lmi"]
[SourceDate "2016.01.08"]

1. d4 c5 2. c3 cxd4 3. cxd4 d5 4. Nc3 Nc6 5. Bf4 a6 6. e3 Nf6 7. Nf3 Nh5 8. Bg5
h6 9. Bh4 g5 10. Bg3 Nxg3 11. hxg3 Bg4 12. Qb3 Rb8 13. Nxg5 e6 14. Nf3 Na5 15.
Qc2 Bf5 16. Bd3 Bxd3 17. Qxd3 Nc4 18. b3 Nd6 19. O-O f5 20. Ne5 Qg5 21. Ne2 Ne4
22. Nf4 Qf6 23. Qd1 h5 24. Nfg6 Rh6 25. Nxf8 Qxf8 26. Qc1 Qe7 27. Nf3 Kd7 28.
Qe1 Rg8 29. Rc1 b6 30. Ne5+ 1-0

[Event "Open Praha 2016 - B"]
[Site "Praha CZE"]
[Date "2016.01.13"]
[Round "7.12"]
[White "Ziabari, Morteza"]
[Black "Istel, Oldrich"]
[Result "1-0"]
[WhiteElo "1862"]
[BlackElo "1681"]
[PlyCount "65"]
[EventDate "2016.01.08"]
[EventType "swiss"]
[EventRounds "9"]
[EventCountry "CZE"]
[Source "lmi"]
[SourceDate "2016.01.08"]

1. e4 d6 2. d4 g6 3. f4 Nf6 4. e5 dxe5 5. fxe5 Nh5 6. Nf3 Bg4 7. Be2 Nc6 8. Be3
Ng7 9. c3 Nf5 10. Bf2 Bh6 11. Qd3 e6 12. Nbd2 Nfe7 13. Ne4 Bg7 14. Bh4 Bxf3 15.
Qxf3 Qd5 16. Bf6 O-O 17. Bxg7 Kxg7 18. Qf6+ Kg8 19. Qh4 f5 20. Nf6+ Rxf6 21.
exf6 Nc8 22. Qh6 Qd7 23. O-O-O Qf7 24. Rhe1 Nd6 25. Qg7+ Qxg7 26. fxg7 Ne7 27.
Bf3 Kxg7 28. Rxe6 Kf7 29. Rde1 Ne4 30. Bxe4 fxe4 31. R6xe4 Nf5 32. g4 Nd6 33.
Re7+ 1-0

[Event "Open Praha 2016 - B"]
[Site "Praha CZE"]
[Date "2016.01.14"]
[Round "8.1"]
[White "Pozsonyi, Istvan"]
[Black "Jaeger, Andre"]
[Result "1-0"]
[WhiteElo "2014"]
[BlackElo "1962"]
[PlyCount "75"]
[EventDate "2016.01.08"]
[EventType "swiss"]
[EventRounds "9"]
[EventCountry "CZE"]
[Source "lmi"]
[SourceDate "2016.01.08"]

1. d4 Nf6 2. Bg5 c5 3. Bxf6 gxf6 4. d5 Qb6 5. Qc1 f5 6. c4 Bg7 7. Nc3 d6 8. e3
Nd7 9. Qc2 Ne5 10. h3 h5 11. Rb1 Bd7 12. f4 Ng6 13. Nf3 Bf6 14. Bd3 Nh4 15. O-O
Nxf3+ 16. Rxf3 e6 17. a3 Qd8 18. b4 cxb4 19. axb4 Rc8 20. dxe6 fxe6 21. e4 Bd4+
22. Kh2 Qf6 23. exf5 Bxc3 24. fxe6 Bc6 25. Qxc3 Qxc3 26. Bg6+ Ke7 27. Rxc3 Kxe6
28. Rd1 Rcd8 29. b5 Be8 30. Re3+ Kd7 31. c5 Bxg6 32. Rxd6+ Kc8 33. Rxg6 Rd4 34.
Re7 Rxf4 35. Rgg7 Rc4 36. Rc7+ Kd8 37. c6 bxc6 38. b6 1-0

[Event "Open Praha 2016 - B"]
[Site "Praha CZE"]
[Date "2016.01.14"]
[Round "8.3"]
[White "Bublik, Frantisek"]
[Black "Svidinsky, Dmitry"]
[Result "0-1"]
[WhiteElo "1878"]
[BlackElo "2072"]
[PlyCount "44"]
[EventDate "2016.01.08"]
[EventType "swiss"]
[EventRounds "9"]
[EventCountry "CZE"]
[Source "lmi"]
[SourceDate "2016.01.08"]

1. e4 c5 2. Nf3 Nc6 3. d4 cxd4 4. Nxd4 e5 5. Ne2 Nf6 6. Nbc3 Bc5 7. h3 Qb6 8.
Be3 Bxe3 9. fxe3 Qxe3 10. Qd2 Qxd2+ 11. Kxd2 O-O 12. Ng3 d6 13. Bd3 Be6 14.
Rhf1 Rfd8 15. Rae1 Rac8 16. a3 Kf8 17. Nf5 d5 18. exd5 Nxd5 19. Nxd5 Bxd5 20.
Kc1 Bxg2 21. Rg1 Bxh3 22. Nxg7 Rxd3 0-1

[Event "Open Praha 2016 - B"]
[Site "Praha CZE"]
[Date "2016.01.14"]
[Round "8.12"]
[White "Van Den Hoff, Damien"]
[Black "Veselsky, Jan"]
[Result "1-0"]
[WhiteElo "1856"]
[BlackElo "1684"]
[PlyCount "71"]
[EventDate "2016.01.08"]
[EventType "swiss"]
[EventRounds "9"]
[EventCountry "CZE"]
[Source "lmi"]
[SourceDate "2016.01.08"]

1. e4 c6 2. d4 d5 3. e5 Bf5 4. h4 h5 5. c4 e6 6. Nc3 Ne7 7. Nge2 Nd7 8. Ng3 Bg6
9. Bg5 Qb6 10. Qd2 Rc8 11. Be3 Nf5 12. c5 Qd8 13. b4 Be7 14. Nxf5 Bxf5 15. Bg5
f6 16. exf6 gxf6 17. Be3 e5 18. Ne2 Rg8 19. Ng3 Bg6 20. Bd3 f5 21. Nxf5 Bxf5
22. Bxf5 Rxg2 23. Qe2 Nf6 24. dxe5 Ng4 25. Bxc8 Qxc8 26. Qf3 Nxe3 27. Qxh5+ Kf8
28. Qh8+ Rg8 29. Qh6+ Rg7 30. fxe3 Kg8 31. O-O-O Qg4 32. Qf4 Qe2 33. Rdg1 Qxa2
34. Rxg7+ Kxg7 35. Rg1+ Kh7 36. Qf7+ 1-0

[Event "Open Praha 2016 - B"]
[Site "Praha CZE"]
[Date "2016.01.14"]
[Round "8.19"]
[White "Andersen, Carsten"]
[Black "Stankova, Zuzana"]
[Result "1-0"]
[WhiteElo "1840"]
[BlackElo "1658"]
[PlyCount "65"]
[EventDate "2016.01.08"]
[EventType "swiss"]
[EventRounds "9"]
[EventCountry "CZE"]
[Source "lmi"]
[SourceDate "2016.01.08"]

1. e4 d6 2. d4 Nf6 3. Bd3 g6 4. Nf3 Bg7 5. c3 O-O 6. h3 Nfd7 7. O-O Nc6 8. Be3
e5 9. Nbd2 Nf6 10. d5 Ne7 11. Qe2 c6 12. c4 b5 13. b3 b4 14. a3 bxa3 15. Rxa3
a6 16. Nh2 Nh5 17. Qf3 f5 18. exf5 Bxf5 19. Bxf5 Nxf5 20. dxc6 Nxe3 21. Qxe3
Nf6 22. Rfa1 a5 23. Ne4 d5 24. Nc5 Qd6 25. Rxa5 Rxa5 26. Rxa5 Qxc6 27. Ra6 Qe8
28. Ne6 Rf7 29. Qxe5 dxc4 30. bxc4 Nd7 31. Qd5 Nf6 32. Ra8 Nxd5 33. Rxe8+ 1-0